[Event "Brasiliense sf 01"]
[Site "Brazil"]
[Date "2009.06.02"]
[Round "2"]
[White "Pessoa, Marcio de Souza"]
[Black "Martins, Vilker Germano"]
[Result "1-0"]
[WhiteElo "1996"]
[BlackElo "2044"]
[PlyCount "55"]
[EventDate "2009.06.01"]
[EventType "swiss"]
[EventRounds "6"]
[EventCountry "BRA"]
[SourceTitle "EXT 2012"]
[Source "ChessBase"]
[SourceDate "2011.11.24"]
[SourceVersion "1"]
[SourceVersionDate "2011.11.24"]
[SourceQuality "1"]

1. e4 c5 2. Nf3 d6 3. Bc4 Nc6 4. c3 g6 5. d3 Bg7 6. Nbd2 Nf6 7. Nf1 0-0 8. Ng3 Na5 9. Bb3 Nxb3 10. axb3 Qb6 11. 0-0 Be6 12. b4 cxb4 13. Be3 Qc7 14. Qd2 bxc3 15. bxc3 Ng4 16. Bd4 Rfc8 17. Bxg7 Kxg7 18. Rac1 Qa5 19. h3 Nf6 20. Nd4 Bd7 21. f4 b5 22. f5 Qb6 23. Kh1 a5 24. fxg6 hxg6 25. Qg5 Kh7 26. Ndf5 Bxf5 27. Nxf5 Nh5 28. Qh6+ 1-0